000 00931nam a22001937a 4500
003 BR-ViAPE
005 20260423131740.0
008 260423s1925 por gs||||s000 0 por d
040 _cBR-ViAPE
110 _aEspírito Santo
_bEstado
245 _aMensagem apresentada pelo Exmo. Sr. Dr. Florentino Avidos, Presidente do Estado do Espírito Santo, ao Congresso Legislativo. Na 1ª sessão ordinaria da 12ª legislatura, em 4 de maio de 1925
260 _aVitória
_b[s.n.]
_c1925
300 _a77 p.
_bDocumento digitalizado (PDF)
500 _aDocumento digitalizado do acervo institucional do Arquivo Público do Estado do Espírito Santo - APEES.
650 _aAdministração pública
_zEspírito Santo
651 _aEspírito Santo
_xAdministração pública
856 _uhttps://ape.es.gov.br/Media/ape/PDF/Mensagens/Mensagem-2024/Mensagem%20-%20ano%201925.pdf
_yCLIQUE AQUI PARA ACESSAR O DOCUMENTO
942 _2ddc
_cMSGREL
_n1
999 _c565
_d565